[Event "It"]
[Site "masterchessopen.com Budapest (Hungary)"]
[Round "1"]
[White "Zsinka Laszlo (HUN)"]
[Black "Lukacs Peter (HUN)"]
[Result "0-1"]
[WhiteElo "2395"]
[BlackElo "2520"]

1.d4 Nf6 2.c4 e6 3.Nc3 Bb4 4.e3 O-O 5.Bd3 d5 6.Nf3 b6 7.O-O Bb7 8.a3 Bd6
9.cxd5 exd5 10.b4 Nbd7 11.Rb1 Ne4 12.Qc2 Re8 13.Nb5 a6 14.Nxd6 cxd6 15.a4 Rc8
16.Qb2 Ndf6 17.Bd2 Rc4 18.Rfc1 Qc7 19.Be1 Rc8 20.Bxc4 dxc4 21.Nd2 d5 22.f3 Nd6
23.Nf1 Qe7 24.b5 a5 25.Qc3 Re8 26.Bf2 Bc8 27.Re1 h6 28.Ng3 h5 29.e4 dxe4
30.fxe4 Ng4 31.e5 Nf5 32.Nxf5 Bxf5 33.Rbd1 Qb4 34.Rc1 Bd3 35.h3 Nxf2 36.Kxf2
Qxa4 37.d5 Qxb5 38.Qd4 Qd7 39.Qxb6 Qxd5 40.Qd6 Qb7 41.Qc5 Re6 42.Qxa5 Rg6
43.Qd8+ Kh7 44.g4 hxg4 45.hxg4 Rh6 46.Qd4 Rh2+ 47.Kg3 Qg2+ 48.Kf4 Rh3 49.Rcd1
Qg3+ {#R} 0-1

[Event "Zt"]
[Site "masterchessopen.com Gausdal (Norway)"]
[Round "0"]
[White "Ogaard Leif (NOR)"]
[Black "Arnason Jon L (ISL)"]
[Result "1-0"]
[WhiteElo "2408"]
[BlackElo "2555"]

1.d4 Nf6 2.c4 e6 3.Nc3 Bb4 4.e3 O-O 5.Bd3 d5 6.Nf3 b6 7.O-O Bb7 8.cxd5 exd5
9.Ne5 Bd6 10.f4 c5 11.Qf3 Nc6 12.Bd2 cxd4 13.Nxc6 Bxc6 14.exd4 Re8 15.f5 Ne4
16.f6 Nxd2 17.Bxh7+ Kxh7 18.Qh5+ Kg8 19.fxg7 f6 20.Qh8+ Kf7 21.Qh5+ Kxg7
22.Qg4+ Kf8 23.Qh3 Nxf1 24.Qh8+ Kf7 25.Qh7+ Ke6 26.Re1+ Be5 27.dxe5 fxe5
28.Rxf1 Kd6 29.Qf7 Re6 30.Rd1 d4 31.b4 Qg5 {#r} 1-0

[Event "Ch Argentina"]
[Site "masterchessopen.com Buenos Aires (Argentina)"]
[Round "0"]
[White "Emma Jaime (ARG)"]
[Black "Soppe Guillermo (ARG)"]
[Result "0-1"]
[WhiteElo "2395"]
[BlackElo "2424"]

1.d4 Nf6 2.Nf3 d5 3.c4 e6 4.Nc3 Bb4 5.e3 O-O 6.Bd3 b6 7.O-O Bb7 8.a3 dxc4
9.Bxc4 Bd6 10.b4 a5 11.b5 Nbd7 12.a4 Qe7 13.Ne2 Ne4 14.Ng3 Nxg3 15.hxg3 Rad8
16.Qb3 Nf6 17.Bb2 Ne4 18.Rfd1 h5 19.d5 e5 20.Qc2 Nc5 21.e4 Bc8 22.Re1 g5
23.Qd2 f6 24.Nh2 Qh7 25.Qe3 Kh8 26.Nf3 Rg8 27.Nd2 h4 28.Bf1 hxg3 29.Qxg3 Rg6
30.Nc4 Rh6 31.f3 Nb3 32.Nxd6 cxd6 33.Ra3 Nc5 34.Kf2 g4 35.Bd3 gxf3 36.Qxf3 Rg8
37.Bc2 Rgg6 38.Rg1 Rh2 39.Ke1 Rh4 40.Re3 Rf4 41.Qd1 Qh4+ 42.g3 Qh2 {#R} 0-1

[Event "?"]
[Site "masterchessopen.com Val Maubuee (France)"]
[Round "0"]
[White "Haik Aldo (FRA)"]
[Black "Polaczek Richard (BEL)"]
[Result "0-1"]
[WhiteElo "2390"]
[BlackElo "2377"]

1.d4 Nf6 2.c4 e6 3.Nc3 Bb4 4.e3 O-O 5.Bd3 d5 6.Nf3 b6 7.cxd5 exd5 8.Bd2 c5
9.a3 Ba5 10.O-O c4 11.Bc2 Bg4 12.Qb1 Bxf3 13.gxf3 Nc6 14.Kh1 Rb8 15.b4 cxb3
16.Bxb3 Ne7 17.Qd3 Qd7 18.Rg1 Rfd8 19.Rg5 Qh3 20.Rg3 Qf5 21.e4 Qd7 22.Rag1 g6
23.Bg5 Nh5 24.Rg4 Bxc3 25.Qxc3 f6 26.Be3 Kh8 27.Qd3 Rbc8 28.Rh4 Ng7 29.Bd2 f5
30.Bg5 dxe4 31.fxe4 fxe4 32.Qxe4 Nef5 33.Bxd8 Rxd8 34.Rf4 Re8 35.Qd5 Qe7 36.f3
Qe3 37.Rfg4 Nxd4 38.Bd1 Ndf5 {#R} 0-1

[Event "It (open)"]
[Site "masterchessopen.com Biel (Switzerland)"]
[Round "8"]
[White "Vaisser Anatoly (FRA)"]
[Black "Landenbergue Claude (SUI)"]
[Result "1-0"]
[WhiteElo "2555"]
[BlackElo "2397"]

1.d4 Nf6 2.c4 e6 3.Nc3 Bb4 4.e3 O-O 5.Bd3 d5 6.Nf3 b6 7.cxd5 exd5 8.Ne5 Nfd7
9.Nf3 c6 10.O-O Ba6 11.Bxa6 Nxa6 12.Qa4 Qc8 13.Bd2 Bd6 14.Rac1 Qb7 15.e4 b5
16.Qb3 dxe4 17.Nxe4 Be7 18.Bg5 Bxg5 19.Nfxg5 Nb6 20.Nxh7 Rfd8 21.Nhg5 Qd7
22.Rxc6 Qd5 23.Qf3 Rac8 24.Rf6 Qxa2 25.Rxf7 Rf8 26.b3 {#r} 1-0

[Event "It (open) \"]
[Site "masterchessopen.com Bern (Switzerland)"]
[Round "8"]
[White "Muir Andrew J (SCO)"]
[Black "Milosevic Goran (SUI)"]
[Result "0-1"]
[WhiteElo "2311"]
[BlackElo "2349"]

1.d4 Nf6 2.c4 e6 3.Nc3 Bb4 4.e3 O-O 5.Bd3 d5 6.Nf3 b6 7.O-O Bb7 8.cxd5 exd5
9.a3 Bd6 10.b4 c6 11.Bb2 Re8 12.Re1 Nbd7 13.Qb3 a5 14.Rad1 axb4 15.axb4 Bf8
16.Bf5 g6 17.Bh3 Qe7 18.Ba3 Ba6 19.Nd2 Bc4 20.Qb2 b5 21.f3 Nb6 22.e4 Qa7
23.Ndb1 Nh5 24.g3 dxe4 25.fxe4 Bg7 26.Qf2 Bb3 27.Rd3 Nc4 28.Bc1 Rad8 29.g4 Nf6
30.Bg5 Nd7 31.Bxd8 Rxd8 32.d5 Qxf2+ 33.Kxf2 Nde5 34.Rg3 cxd5 35.exd5 Bf8
36.Nxb5 Bc2 37.Bf1 Bxb4 38.Rc1 Bc5+ 39.Ke1 Re8 40.Rxc2 Nf3+ 41.Kd1 Re1# 0-1

[Event "It (open)"]
[Site "masterchessopen.com Rome (Italy)"]
[Round "7"]
[White "Semkov Semko (BUL)"]
[Black "Nikcevic Nebojsa (MNE)"]
[Result "0-1"]
[WhiteElo "2460"]
[BlackElo "2335"]

1.d4 Nf6 2.c4 e6 3.Nc3 Bb4 4.e3 O-O 5.Bd3 d5 6.Nf3 b6 7.O-O Bb7 8.cxd5 exd5
9.a3 Bd6 10.b4 Nbd7 11.Qb3 a6 12.a4 Qe7 13.b5 axb5 14.Nxb5 c5 15.Nxd6 Qxd6
16.Ba3 Ba6 17.Rfd1 Bxd3 18.Qxd3 Qc6 19.Ne5 Qxa4 20.Nxd7 Qxd7 21.dxc5 bxc5
22.Bxc5 Rxa1 23.Rxa1 Rc8 24.Bd4 Ne4 25.f3 Nd6 26.Rd1 Nf5 27.Be5 h6 28.g4 Ne7
29.Bb2 Qa4 30.Rd2 Rb8 31.Qc3 f6 32.Qc5 Rxb2 33.Qxe7 {#R} 0-1

[Event "It (cat.11)"]
[Site "masterchessopen.com Buenos Aires (Argentina)"]
[Round "0"]
[White "Granda Zuniga Julio E (PER)"]
[Black "Tal Mikhail N (LAT)"]
[Result "0-1"]
[WhiteElo "2595"]
[BlackElo "2575"]

1.d4 Nf6 2.c4 e6 3.Nc3 Bb4 4.e3 O-O 5.Bd3 d5 6.Nf3 b6 7.a3 Bxc3+ 8.bxc3 Ba6
9.cxd5 Bxd3 10.Qxd3 Qxd5 11.c4 Qb7 12.Bb2 Nbd7 13.Rd1 Rfd8 14.O-O Rac8 15.Rfe1
Qe4 16.Qc3 c5 17.d5 exd5 18.Rxd5 Nf8 19.Re5 Qd3 20.Re7 Qxc3 21.Bxc3 N6d7
22.Rd1 Ne5 23.Rxd8 Nxf3+ 24.gxf3 Rxd8 25.Rxa7 Rd1+ 26.Kg2 f6 27.Rb7 Rd3 28.Bb2
Rb3 29.Bc1 Ng6 30.Rb8+ Kf7 31.Rb7+ Kg8 32.Rb8+ Kf7 33.Rb7+ Ke6 34.a4 Rb1
35.Ba3 Nh4+ 36.Kh3 Nxf3 37.Kg2 Nh4+ 38.Kh3 Nf3 39.Kg2 Ne1+ 40.Kh3 Nd3 41.Kh4
Rh1 {#R} 0-1

[Event "It (cat.9)"]
[Site "masterchessopen.com Helsinki (Finland)"]
[Round "0"]
[White "Vaisser Anatoly (FRA)"]
[Black "Arnason Jon L (ISL)"]
[Result "1-0"]
[WhiteElo "2565"]
[BlackElo "2499"]

1.d4 Nf6 2.c4 e6 3.Nc3 Bb4 4.e3 O-O 5.Bd3 d5 6.Nf3 b6 7.cxd5 exd5 8.Ne5 Bd6
9.O-O c5 10.f4 Bb7 11.Qf3 Nc6 12.Qh3 g6 13.Bd2 cxd4 14.Nxc6 Bxc6 15.exd4 Ne4
16.Bxe4 dxe4 17.f5 Bc5 18.dxc5 Qxd2 19.Rad1 Qg5 20.Rd6 Rac8 21.b4 bxc5 22.b5
Ba8 23.Nd5 Bxd5 24.Rxd5 h5 25.Qc3 e3 26.h4 Qxh4 27.Qxe3 Rfe8 28.Qd2 Rcd8
29.fxg6 fxg6 30.Qc2 Kg7 31.Qc3+ Kh6 32.g3 Qe4 {#r} 1-0

[Event "It (cat.9)"]
[Site "masterchessopen.com Vrnjacka Banja (Serbia)"]
[Round "1"]
[White "Pavlovic Milos (SRB)"]
[Black "Huzman Alexander (ISR)"]
[Result "0-1"]
[WhiteElo "2531"]
[BlackElo "2607"]

1.c4 e6 2.Nc3 d5 3.d4 Bb4 4.e3 Nf6 5.Bd3 O-O 6.Nf3 b6 7.O-O Bb7 8.cxd5 exd5
9.a3 Bd6 10.b4 a6 11.Qb3 Nbd7 12.a4 c6 13.Rb1 Qe7 14.Bf5 g6 15.Bh3 b5 16.axb5
axb5 17.Ng5 Nb6 18.e4 dxe4 19.Re1 Qc7 20.Ncxe4 Nxe4 21.Rxe4 Nd5 22.Bd2 Bxh2+
23.Kh1 Bd6 24.Rbe1 Nf6 25.Re5 Bc8 26.Qf3 Bxe5 27.dxe5 Nd5 28.Qg3 f5 29.Qh4 Qe7
30.e6 Rf6 31.g3 Ra2 32.Re2 Rxe6 33.Nxe6 Qxh4 34.gxh4 Bxe6 35.Rxe6 Rxd2 36.Rxc6
Rxf2 37.Kg1 Rb2 38.h5 Nf4 39.Bf1 Nxh5 40.Bxb5 Rxb4 41.Bc4+ {#R} 0-1

[Event "It (open)"]
[Site "masterchessopen.com Bled (Slovenia)"]
[Round "6"]
[White "Sher Miron N (USA)"]
[Black "Palac Mladen (CRO)"]
[Result "0-1"]
[WhiteElo "2475"]
[BlackElo "2591"]

1.c4 e6 2.Nf3 Nf6 3.Nc3 d5 4.d4 Bb4 5.e3 O-O 6.Bd3 b6 7.O-O Bb7 8.a3 Bd6
9.cxd5 exd5 10.Ne5 c5 11.f4 Nc6 12.Qf3 cxd4 13.Nxc6 Bxc6 14.exd4 Re8 15.Be3
Ne4 16.Bxe4 dxe4 17.Qf2 Qd7 18.f5 f6 19.Rad1 Rac8 20.Bf4 Bxf4 21.Qxf4 Bb5
22.Rfe1 Bd3 23.d5 Rc4 24.Re3 b5 25.Rde1 Re5 26.g4 a5 27.Rg3 b4 28.axb4 axb4
29.Nd1 e3 30.Qf3 Rc1 31.h3 Bb5 32.Qf4 Qxd5 33.g5 Rxd1 34.Rxd1 Qxd1+ 35.Kh2
Qc2+ 36.Rg2 Qxf5 {#R} 0-1

[Event "It (open)"]
[Site "masterchessopen.com Forli (Italy)"]
[Round "1"]
[White "Tocchioni Doriano (ITA)"]
[Black "Palac Mladen (CRO)"]
[Result "1-0"]
[WhiteElo "2237"]
[BlackElo "2591"]

1.d4 Nf6 2.c4 e6 3.Nf3 d5 4.Nc3 Bb4 5.e3 O-O 6.Bd3 b6 7.cxd5 exd5 8.O-O Bb7
9.Qc2 Re8 10.a3 Bf8 11.b4 Nbd7 12.Bb2 a6 13.Rac1 Bd6 14.Qb3 Qe7 15.Bf5 b5
16.Ne2 Nb6 17.Rc2 Nc4 18.Nc1 g6 19.Bh3 Ne4 20.Nd3 a5 21.Nc5 Bc6 22.g3 Ra7
23.Bg2 Bd7 24.Bc1 c6 25.Nd2 Nexd2 26.Bxd2 Rea8 27.Bc1 h5 28.Re2 Bf5 29.f3 axb4
30.axb4 Ra1 31.e4 h4 32.g4 Bc8 33.e5 Bxc5 34.bxc5 f5 35.Bh3 fxg4 36.fxg4 Be6
37.Ref2 Rxc1 38.Rxc1 Ra3 39.Qc2 Qg5 40.Rf6 Bf5 41.Rf1 Rxh3 42.Qg2 Qe3+ 43.Kh1
Rg3 44.hxg3 Be4 45.Rf8+ Kg7 46.R1f7+ Kh6 47.Rh8+ {#r} 1-0

[Event "Bundesliga"]
[Site "masterchessopen.com Germany"]
[Round "0"]
[White "Huebner Robert Dr (GER)"]
[Black "Khalifman Alexander (RUS)"]
[Result "0-1"]
[WhiteElo "2630"]
[BlackElo "2635"]

1.d4 Nf6 2.c4 e6 3.Nc3 Bb4 4.e3 O-O 5.Bd3 d5 6.Nf3 b6 7.O-O Bb7 8.a3 Bd6 9.b4
dxc4 10.Bxc4 Nbd7 11.Bb2 a5 12.b5 e5 13.Re1 e4 ( 13...Qe7 14.e4 { ? } ) 14.Nd2
Qe7 15.f4 exf3 ( 15...Rad8 16.Bb3 ) 16.gxf3 { ?! } ( 16.Nxf3 Ne4 17.Nd5 Qd8 {
! } ) 16...Rad8 ( 16...Ng4 { ?! } 17.fxg4 Bxh2+ 18.Kf2 ( 18.Kxh2 { ?? }
18...Qh4+ { ??+ } ) 18...Qh4+ 19.Ke2 { ± } ) ( 16...Bxh2+ { !? } 17.Kxh2 Ng4+
{ ! } 18.Kg3 ( 18.Kg2 { ? } 18...Qh4 { ??+ } ) ( 18.Kg1 Nxe3 19.Qe2 Qg5+ { ? }
) 18...Qd6+ ( 18...Nxe3 19.Rxe3 { ! } 19...Qxe3 20.Nde4 Qh6 21.Qh1 { ? } )
19.f4 ( 19.Kxg4 { ? } 19...Qh2 { ! } ) 19...Ndf6 { ? } ) 17.Qe2 ( 17.e4 Bf4 {
! } ) 17...Rfe8 18.Qf2 Nf8 { ? ?e6-g5 } 19.Nde4 { ! } ( 19.e4 Bf4 { ? } )
19...Ng6 20.Nxd6 cxd6 { ! } ( 20...Rxd6 21.Bf1 { ? } ) 21.Bf1 Nh5 { ? f5, ?h4
} ( 21...d5 { !? } ) 22.e4 Nhf4 23.Qg3 {  d5 } ( 23.d5 Ne5 { ! } ) 23...d5 {
! ? } 24.exd5 { ! } ( 24.e5 f6 { ! } 25.Bc1 Qc7 { ! } ) ( 24.Rad1 Qf6 { ? } )
24...Qd7 25.Rxe8+ Rxe8 26.Re1 Rxe1 ( 26...Rc8 { !? } ) 27.Qxe1 Nxd5 28.Ne4 Qe7
( 28...f5 29.Nc5 { !? } 29...bxc5 30.dxc5 { ? } ) ( 28...Ndf4 { !? } ) 29.Qg3
Ndf4 30.Bc1 { ! } 30...Bxe4 31.Bxf4 Bd5 ( 31...Bb7 { ?! } 32.Bg5 { ! } )
32.Bc1 h6 33.Bd3 ( 33.Qb8+ { ? } 33...Kh7 34.Qxb6 Nh4 { ? } ) 33...Qf6 34.Be3
{ ! } ( 34.Bxg6 fxg6 { ! } ( 34...Qxd4+ 35.Qf2 Qd1+ 36.Qf1 { = } ) 35.Qf4 Qe7
{ ? } ) 34...Bxf3 35.Bxg6 fxg6 36.h4 { ? ^09 } ( 36.Qf4 { ! } 36...g5 (
36...Be2 37.Qxf6 gxf6 38.a4 { = } ) 37.Qxf6 gxf6 38.d5 Bxd5 39.a4 { ! } )
36...Bd5 { ??+ } 37.Qf4 Qe7 38.Qe5 { ?! } 38...Qd7 39.Kf2 Qxb5 40.Kg3 Qd7
41.Qb8+ Kh7 42.Qxb6 Qf5 { } {#R} 0-1

[Event "It (open)"]
[Site "masterchessopen.com Habana (Cuba)"]
[Round "0"]
[White "Barredo Luis (CUB)"]
[Black "Rodriguez Amador (ESP)"]
[Result "0-1"]
[WhiteElo "2311"]
[BlackElo "2441"]

1.d4 Nf6 2.c4 e6 3.Nc3 Bb4 4.e3 O-O 5.Bd3 d5 6.Nf3 b6 7.O-O Bb7 8.Bd2 Bd6
9.Rc1 c5 10.dxc5 bxc5 11.Re1 dxc4 12.Bxc4 Nbd7 13.Qe2 Ng4 14.e4 Nde5 15.Nxe5
Nxe5 16.f4 Nxc4 17.Qxc4 Be7 18.Be3 Qa5 19.Na4 Ba6 20.Qc2 c4 21.Nc3 Rfd8
22.Rcd1 Rd3 23.Rxd3 cxd3 24.Qf2 Bb4 25.Bd2 Rb8 26.h3 Bc5 27.Be3 Bxe3 28.Rxe3
Qc5 29.Kh2 h6 30.Rf3 Qxf2 31.Rxf2 Kf8 32.Rd2 Ke7 33.Kg3 f5 34.Kf3 g5 35.exf5
exf5 36.Nd5+ Kd6 37.Ne3 Bb7+ 38.Kf2 Be4 39.fxg5 hxg5 40.Nc4+ Kd5 41.b3 Kd4
42.Nd6 Kc3 43.Nxe4+ fxe4 44.Ke3 Rf8 45.Rd1 Kc2 46.Rd2+ Kc1 {#R} 0-1

[Event "Ch World (match) (cand.) (1/2)"]
[Site "masterchessopen.com Linares (Spain)"]
[Round "0"]
[White "Jussupow Artur (GER)"]
[Black "Timman Jan H (NED)"]
[Result "1-0"]
[WhiteElo "2640"]
[BlackElo "2665"]

1.d4 Nf6 2.c4 e6 3.Nc3 Bb4 4.e3 O-O 5.Bd3 d5 6.Nf3 b6 7.O-O Bb7 8.cxd5 exd5
9.a3 Bd6 10.b4 a6 11.Qb3 Qe7 12.b5 axb5 13.Nxb5 Nbd7 14.Bb2 c5 15.Nxd6 Qxd6
16.Bf5 c4 17.Qc2 g6 18.Bxd7 Nxd7 19.Ne5 Rfe8 20.Bc3 Bc6 21.Qb2 Ba4 22.e4 f6
23.Nxd7 Qxd7 24.e5 Qe6 25.exf6 Qxf6 26.Rfe1 Rxe1+ 27.Rxe1 Re8 28.Re5 Rxe5
29.dxe5 Qe6 30.Bd4 Bb3 31.h3 h5 32.Qd2 Ba4 33.Qg5 Kf7 34.g4 hxg4 35.hxg4 Ke8
36.Kg2 Kd7 37.Kg3 Bd1 38.f3 Kc7 39.Qf6 Qxf6 40.exf6 Kd7 41.Bxb6 c3 42.Bd4 c2
43.Bb2 Ke6 44.g5 Be2 45.Kf2 Bb5 46.Ke3 Bc6 47.Kd3 Ba4 48.Kc3 Kd6 49.Bc1 Ke6
50.Kb4 {#r} 1-0

[Event "It (open)"]
[Site "masterchessopen.com Saint Martin (France & Netherl)"]
[Round "0"]
[White "Brionne Thierry (FRA)"]
[Black "Arnason Jon L (ISL)"]
[Result "0-1"]
[WhiteElo "2112"]
[BlackElo "2525"]

1.d4 Nf6 2.c4 e6 3.Nc3 Bb4 4.e3 O-O 5.Bd3 d5 6.Nf3 b6 7.O-O Bb7 8.cxd5 exd5
9.Ne5 Bd6 10.f4 c5 11.Qf3 Nc6 12.Ne2 Ne4 13.Rd1 Nb4 14.Bb1 f6 15.Nd3 a5 16.g4
Re8 17.Nf2 Qe7 18.a3 Na6 19.dxc5 Naxc5 20.Nd4 Nxf2 21.Kxf2 Ne4+ 22.Kg1 Bc5
23.Ba2 Kh8 24.f5 Rac8 25.Ne6 d4 26.exd4 Ng5 27.Qd3 Nf3+ 28.Kf2 Bxd4+ 29.Be3
Bxe3+ 30.Qxe3 Rc2+ 31.Kg3 Ng5 32.Bd5 Nxe6 33.fxe6 Bxd5 34.Rxd5 Qc7+ 35.Kf3
Qxh2 36.Qxb6 Qg2+ 37.Kf4 Qxd5 {#R} 0-1

[Event "It (w)"]
[Site "masterchessopen.com Simferopol/Alushta (Ukraine)"]
[Round "16"]
[White "Alieva Elmira (AZE)"]
[Black "Kharkova Elena (RUS)"]
[Result "0-1"]
[WhiteElo "2043"]
[BlackElo "2285"]

1.d4 e6 2.c4 d5 3.Nf3 Nf6 4.Nc3 Bb4 5.e3 O-O 6.Bd3 b6 7.O-O dxc4 8.Bxc4 Bb7
9.Qb3 Qe7 10.Ne5 Nc6 11.Nxc6 Bxc6 12.Qc2 Bb7 13.a3 Bd6 14.e4 e5 15.d5 c6
16.Bg5 h6 17.Bxf6 Qxf6 18.Rad1 Bc5 19.dxc6 Bxc6 20.Bd5 Rac8 21.Bxc6 Qxc6
22.Nd5 Qe6 23.Qa4 f5 24.exf5 Rxf5 25.Ne3 Rf4 26.Qxa7 Rcf8 27.Rd7 Qg6 28.Nd1
Kh8 29.Qc7 Rxf2 30.Nxf2 Rxf2 31.Rd8+ Kh7 32.g3 Rf7+ {#R} 0-1

[Event "It (open)"]
[Site "masterchessopen.com Zalaegerszeg (Hungary)"]
[Round "0"]
[White "Portisch Ferenc (HUN)"]
[Black "Jeric Simon (SLO)"]
[Result "1-0"]
[WhiteElo "2342"]
[BlackElo "2289"]

1.d4 Nf6 2.c4 e6 3.Nc3 Bb4 4.e3 O-O 5.Bd3 d5 6.Nf3 b6 7.O-O Bb7 8.cxd5 exd5
9.Bd2 c6 10.Ne5 Nbd7 11.f4 Bxc3 12.Bxc3 Ne4 13.Qc2 c5 14.Bxe4 dxe4 15.Rad1
Nxe5 16.dxe5 Qc7 17.f5 Rad8 18.f6 Rfe8 19.Qf2 Rxd1 20.Rxd1 gxf6 21.Qxf6 Qe7
22.Qf4 Bc8 23.e6 Qxe6 24.Rd6 Qf5 25.Qh6 Qg4 26.Qf6 Kf8 27.Rd8 Bd7 28.Qd6+ Kg8
29.Rxd7 Qe2 30.Qg3+ {#r} 1-0

[Event "It \"]
[Site "masterchessopen.com Budapest (Hungary)"]
[Round "9"]
[White "Sadler Matthew (ENG)"]
[Black "Loginov Valery A (RUS)"]
[Result "1-0"]
[WhiteElo "2535"]
[BlackElo "2505"]

1.d4 Nf6 2.c4 e6 3.Nc3 Bb4 4.e3 O-O 5.Bd3 d5 6.Nf3 b6 7.O-O Bb7 8.cxd5 exd5
9.Ne5 Nbd7 10.f4 c5 11.Qf3 cxd4 12.exd4 Ne4 13.Bc2 f6 14.Nxd7 Qxd7 15.Nxe4
{#r} 1-0

[Event "It (open)"]
[Site "masterchessopen.com Katerini (Greece)"]
[Round "0"]
[White "Tsevremes Ioannis (GRE)"]
[Black "Arnason Jon L (ISL)"]
[Result "0-1"]
[WhiteElo "1955"]
[BlackElo "2530"]

1.d4 Nf6 2.c4 e6 3.Nc3 Bb4 4.e3 O-O 5.Bd3 d5 6.Nf3 b6 7.O-O Bb7 8.Ne5 Bd6 9.f4
c5 10.Qf3 Nc6 11.h3 cxd4 12.cxd5 Nb4 13.dxe6 Nxd3 14.exf7+ Rxf7 15.Nxf7 Kxf7
16.exd4 Nb4 17.Be3 Qd7 18.f5 Nc2 19.Bg5 Nxa1 20.Bxf6 Kg8 21.Bxg7 Qxg7 22.f6
Qxg2+ 23.Qxg2+ Bxg2 24.Kxg2 Nc2 25.f7+ Kg7 26.Nd5 Rf8 27.Rd1 Rxf7 28.a3 Rf5
{#R} 0-1

[Event "It (open)"]
[Site "masterchessopen.com Muenster (Germany)"]
[Round "1"]
[White "Poschke Markus (GER)"]
[Black "Kishnev Sergey (RUS)"]
[Result "0-1"]
[WhiteElo "2158"]
[BlackElo "2500"]

1.d4 Nf6 2.c4 e6 3.Nc3 Bb4 4.e3 O-O 5.Bd3 d5 6.Nf3 b6 7.O-O Bb7 8.a3 Bd6 9.b4
a5 10.b5 dxc4 11.Bxc4 Nbd7 12.Re1 e5 13.e4 h6 14.Qc2 Re8 15.Bb2 exd4 16.Nxd4
Ne5 17.Bb3 Bc5 18.Nf5 Nfg4 19.Re2 g6 20.Rd1 Qg5 21.Ng3 Nxh2 22.Na4 Nef3+
23.Kh1 Qh4 24.gxf3 Qh3 {#R} 0-1

[Event "Ch Baden (b)"]
[Site "masterchessopen.com Zell (Germany)"]
[Round "10"]
[White "Steinmacher Josef (GER)"]
[Black "Haller Peter (GER)"]
[Result "1-0"]
[WhiteElo "2007"]
[BlackElo "2026"]

1.d4 Nf6 2.c4 e6 3.Nc3 b6 4.Nf3 Bb4 5.e3 O-O 6.Bd3 d5 7.O-O Nbd7 8.a3 Bxc3
9.bxc3 Bb7 10.cxd5 exd5 11.c4 Re8 12.cxd5 Nxd5 13.Bb2 N5f6 14.Re1 Ne4 15.Nd2
Nxd2 16.Qxd2 Qg5 17.f4 Qg4 18.e4 Rad8 19.Be2 Qh4 20.Bf3 Nc5 21.Qc2 Ne6 22.g3
Qh3 23.Bg2 Qg4 24.Qf2 Qh5 25.Rad1 Qb5 26.Qc2 f6 27.Bf1 Qd7 28.Bh3 Qf7 29.d5
Nc5 30.Bd4 Qh5 31.Bg2 c6 32.Bxc5 bxc5 33.Qxc5 cxd5 34.Qxa7 Ba8 35.exd5 Rxe1+
36.Rxe1 Bxd5 37.Qe7 Rc8 38.Qd7 {#r} 1-0

[Event "It (open) \"]
[Site "masterchessopen.com Cologne (Germany)"]
[Round "7"]
[White "Puth Dieter (GER)"]
[Black "Chuchelov Vladimir (BEL)"]
[Result "0-1"]
[WhiteElo "2171"]
[BlackElo "2495"]

1.d4 Nf6 2.c4 e6 3.Nc3 Bb4 4.e3 O-O 5.Bd3 d5 6.Nf3 b6 7.cxd5 exd5 8.O-O Bb7
9.a3 Bd6 10.b4 a6 11.Qb3 Nbd7 12.a4 Qe7 13.b5 axb5 14.Nxb5 c5 15.Nxd6 Qxd6
16.Ba3 Bc6 17.Bb5 Ra5 18.Rfc1 Bxb5 19.axb5 Rfa8 20.g3 Ne4 21.dxc5 Qf6 22.Nd4
Ndxc5 23.Qxd5 Qxf2+ 24.Kh1 Qxe3 25.Re1 Qd3 26.Kg2 h6 27.Bb2 Rxa1 28.Bxa1 Ra4
29.Bb2 Qd2+ 30.Re2 Rxd4 31.Rxd2 Rxd2+ {#R} 0-1

[Event "Ch France (team) (2) 1994/95"]
[Site "masterchessopen.com France"]
[Round "0"]
[White "Chevallier Didier (FRA)"]
[Black "Miralles Gilles (FRA)"]
[Result "0-1"]
[WhiteElo "2295"]
[BlackElo "2470"]

1.d4 Nf6 2.c4 e6 3.Nc3 Bb4 4.e3 O-O 5.Bd3 d5 6.Nf3 b6 7.O-O dxc4 8.Bxc4 Bb7
9.Qe2 Nbd7 10.a3 Bd6 11.e4 e5 12.d5 a6 13.Nh4 Nxd5 14.Nxd5 Qxh4 15.g3 Qh3
16.f4 b5 17.Ba2 exf4 18.gxf4 Rae8 19.Rf3 Qg4+ 20.Kh1 Qg6 21.e5 Nxe5 22.fxe5
Rxe5 23.Ne3 Qg4 24.Qg2 Bxf3 {#R} 0-1

[Event "Oberliga Northeast 1993/94"]
[Site "masterchessopen.com Germany"]
[Round "0"]
[White "Panchenko Alexandar G (UKR)"]
[Black "Sarbok Torsten (GER)"]
[Result "1-0"]
[WhiteElo "2485"]
[BlackElo "2349"]

1.d4 Nf6 2.c4 e6 3.Nc3 Bb4 4.e3 O-O 5.Bd3 d5 6.Nf3 b6 7.cxd5 Bxc3+ 8.bxc3 exd5
9.c4 Bg4 10.O-O c6 11.cxd5 cxd5 12.Qc2 Bxf3 13.gxf3 Qd7 14.Bf5 Qb7 15.Ba3 Re8
16.Rac1 Na6 17.Qc6 Qxc6 18.Rxc6 Nb8 19.Rd6 a5 20.Rxb6 Nbd7 21.Rb7 Nf8 22.Rc1
Ne6 23.Bxe6 fxe6 24.Rcc7 Nh5 25.Bd6 Rac8 26.Rxc8 Rxc8 27.Ra7 Nf6 28.a4 Rc6
29.Be5 Rc4 30.Rxa5 Kf7 31.Ra7+ Kg6 32.a5 h5 33.h4 Ra4 34.Kg2 Ra2 35.Re7 Rxa5
36.Rxe6 Kf7 37.Rd6 Ke7 38.Rc6 Ne8 39.Rg6 Kf7 40.Rg5 g6 41.f4 Ra6 42.f5 gxf5
43.Rxf5+ Kg6 44.Rg5+ Kh6 45.Bf4 Rg6 46.Rxg6+ Kxg6 47.Be5 Kf5 48.Kf3 {#r} 1-0

[Event "It \"]
[Site "masterchessopen.com Jyvaskyla (Finland)"]
[Round "3"]
[White "Knaak Rainer (GER)"]
[Black "Rantanen Yrjo A (FIN)"]
[Result "1-0"]
[WhiteElo "2482"]
[BlackElo "2400"]

1.d4 Nf6 2.c4 e6 3.Nc3 Bb4 4.e3 O-O 5.Bd3 d5 6.Nf3 b6 7.O-O Bb7 8.cxd5 exd5
9.a3 Bd6 10.b4 a6 11.Qb3 Qe7 12.b5 axb5 13.Nxb5 Nc6 14.Nxd6 Qxd6 15.a4 Na5
16.Qc2 Rfe8 17.Ba3 Qc6 18.Rfc1 Nc4 19.Bxc4 dxc4 20.Qxc4 Qe4 21.Qxc7 Ra5 22.Qc2
Qg4 23.h3 Qh5 24.Qd1 Qg6 25.Bd6 Nd5 26.Bh2 f6 27.Qb3 Kh8 28.Qc2 Qh5 29.Qd1 Qg6
30.Ra3 Ne7 31.Nh4 Qf7 32.Rc7 Ba8 33.Bd6 {#r} 1-0

[Event "It \"]
[Site "masterchessopen.com Jyvaskyla (Finland)"]
[Round "7"]
[White "Sherbakov Ruslan (RUS)"]
[Black "Rantanen Yrjo A (FIN)"]
[Result "1-0"]
[WhiteElo "2510"]
[BlackElo "2400"]

1.d4 Nf6 2.c4 e6 3.Nc3 Bb4 4.e3 O-O 5.Bd3 d5 6.Nf3 b6 7.O-O Bb7 8.a3 Bd6 9.b3
a6 10.Bb2 Nbd7 11.Re1 Ne4 12.Ne2 Qe7 13.Ng3 f5 14.b4 Ndf6 15.cxd5 Ng4 16.Nh1
Bxd5 17.h3 Nh6 18.Qc2 g5 19.Ne5 Nf6 20.f3 Bxe5 21.dxe5 Ne8 22.e4 fxe4 23.fxe4
Bb7 24.Rf1 Rxf1+ 25.Rxf1 c5 26.bxc5 Qxc5+ 27.Qxc5 bxc5 28.Bc4 Ng7 29.Ng3 Nf7
30.Nf5 exf5 31.exf5 Re8 32.g4 Kf8 33.Re1 Nd6 34.Ba2 Nb5 35.Rc1 Rc8 36.f6 Nd4
37.fxg7+ Kxg7 38.e6 Kf6 39.Rxc5 {#r} 1-0

[Event "Memorial J.Capablanca (b)"]
[Site "masterchessopen.com Matanzas (Cuba)"]
[Round "4"]
[White "Pecorelli Garcia Humberto (CUB)"]
[Black "Servat Roberto (ARG)"]
[Result "1-0"]
[WhiteElo "2405"]
[BlackElo "2440"]

1.d4 Nf6 2.c4 e6 3.Nc3 Bb4 4.e3 O-O 5.Bd3 d5 6.Nf3 b6 7.O-O Bb7 8.a3 Bd6 9.b3
Nbd7 10.Bb2 a6 11.Qe2 Ne4 12.Rfd1 Qe7 13.b4 Nxc3 14.Bxc3 dxc4 15.Bxc4 e5
16.dxe5 Nxe5 17.Bd5 c6 18.Be4 Ng6 19.Qc4 Rad8 20.Bb2 Ne5 21.Bxe5 Bxe5 22.Bxh7+
Kxh7 23.Qe4+ Kg8 24.Qxe5 Rxd1+ 25.Rxd1 Rd8 26.Rd4 Rxd4 27.exd4 Qd8 28.h3 a5
29.bxa5 bxa5 30.Qc5 Qf6 31.Qa7 Bc8 32.Qa8 {#r} 1-0